[Event "Northwest Chess Open"]
[Site "Chess.com"]
[Date "2020.05.09"]
[Round "?"]
[White "Joshi, Atharva"]
[Black "Vijayakumar, Advaith"]
[Result "0-1"]
[WhiteElo "1332"]
[BlackElo "2026"]
[PlyCount "66"]
[EventDate "2020.??.??"]

1. d4 Nf6 2. c4 e6 3. Nc3 Bb4 4. Bd2 O-O 5. Nf3 b6 6. e3 d5 7. cxd5 exd5 8. Be2
Bf5 9. O-O Bd6 10. Rc1 a6 11. Ne5 c5 12. Bd3 Bxd3 13. Nxd3 cxd4 14. exd4 Nc6
15. h3 Nxd4 16. Be3 Ne6 17. Ne2 b5 18. Ndf4 Qd7 19. Nxe6 fxe6 20. Kh1 Rac8 21.
Nf4 d4 22. Rxc8 Rxc8 23. Bc1 e5 24. Nh5 Nxh5 25. Qxh5 Rc2 26. Qf3 Qc6 27. Qb3+
Qc4 28. Qxc4+ bxc4 29. f4 e4 30. Re1 e3 31. Bxe3 dxe3 32. Rxe3 Rc1+ 33. Kh2
Bxf4+ 0-1

[Event "Northwest Chess Open"]
[Site "Chess.com"]
[Date "2020.05.09"]
[Round "?"]
[White "Joshi, Atharva"]
[Black "McNall, Kent"]
[Result "1/2-1/2"]
[WhiteElo "1332"]
[BlackElo "1867"]
[PlyCount "51"]
[EventDate "2020.??.??"]

1. e4 e5 2. Nf3 Nc6 3. Bc4 Be7 4. O-O Nf6 5. d3 d6 6. c3 O-O 7. b4 Bg4 8. a4 d5
9. exd5 Nxd5 10. b5 Na5 11. Bxd5 Qxd5 12. c4 Bxf3 13. cxd5 Bxd1 14. Rxd1 Rad8
15. Nc3 Bb4 16. Bb2 Nb3 17. Rab1 Nd4 18. Na2 Ba5 19. Bxd4 exd4 20. Nb4 Rfe8 21.
h3 Bxb4 22. Rxb4 Rxd5 23. Rc4 Rd7 24. Rdc1 Ree7 25. a5 f6 26. g3 1/2-1/2

[Event "Northwest Chess Open"]
[Site "Chess.com"]
[Date "2020.05.10"]
[Round "?"]
[White "Joshi, Atharva"]
[Black "Li, Edward"]
[Result "0-1"]
[WhiteElo "1332"]
[BlackElo "1595"]
[PlyCount "64"]
[EventDate "2020.??.??"]

1. d4 d5 2. c4 e6 3. Nc3 Nf6 4. Bg5 Nbd7 5. e3 Be7 6. Nf3 O-O 7. Rc1 b6 8. cxd5
exd5 9. Qa4 Bb7 10. Ba6 Bxa6 11. Qxa6 c5 12. O-O h6 13. Bxf6 Nxf6 14. Rfd1 c4
15. Qa4 a6 16. Qc2 b5 17. a3 Rb8 18. Ne5 Qc7 19. e4 Bd6 20. Nxd5 Nxd5 21. exd5
Bxe5 22. dxe5 Qxe5 23. Qc3 Qxc3 24. bxc3 Rfd8 25. f3 Rb7 26. Rc2 Rbd7 27. Rcd2
Kf8 28. Kf2 Ke7 29. f4 Kd6 30. Ke3 f5 31. Kd4 Re8 32. Re1 Rxe1 0-1

[Event "Northwest Chess Open"]
[Site "Chess.com"]
[Date "2020.05.10"]
[Round "?"]
[White "Hayami, Marvin"]
[Black "Joshi, Atharva"]
[Result "1-0"]
[WhiteElo "1806"]
[BlackElo "1332"]
[PlyCount "37"]
[EventDate "2020.??.??"]

1. e4 e6 2. Nf3 d5 3. e5 c5 4. b4 cxb4 5. a3 Nc6 6. axb4 Bxb4 7. c3 Be7 8. d4
Qb6 9. Bd3 Bd8 10. O-O Nge7 11. Na3 O-O 12. Nb5 a6 13. Nd6 Qc7 14. Bxh7+ Kh8
15. Bd3 f6 16. Ng5 Ng8 17. Qh5+ Nh6 18. Qg6 fxg5 19. Qh7# 1-0

[Event "Northwest Chess Open"]
[Site "Chess.com"]
[Date "2020.05.09"]
[Round "?"]
[White "Bell, Harry"]
[Black "Zhang, Michelle"]
[Result "1/2-1/2"]
[WhiteElo "2000"]
[BlackElo "1267"]
[PlyCount "61"]
[EventDate "2020.??.??"]

1. Nf3 d5 2. d4 Nf6 3. Bf4 c5 4. e3 Nc6 5. Be2 e6 6. O-O Be7 7. h3 O-O 8. c4 b6
9. Nc3 Bb7 10. cxd5 exd5 11. dxc5 bxc5 12. Qb3 Bc8 13. Rfd1 Be6 14. Ng5 h6 15.
Nxe6 fxe6 16. e4 Nd4 17. Qa4 Nxe4 18. Rxd4 Nxc3 19. bxc3 cxd4 20. Qxd4 Rc8 21.
Be3 Bc5 22. Qe5 Bxe3 23. Qxe6+ Kh8 24. Qxe3 Re8 25. Qd3 Qe7 26. Bf3 Qe5 27. Rc1
Qf4 28. Rd1 Qe5 29. Rc1 Qf4 30. Rd1 Qe5 31. Rc1 1/2-1/2

[Event "Northwest Chess Open"]
[Site "Chess.com"]
[Date "2020.05.09"]
[Round "?"]
[White "Li, Edward"]
[Black "Zhang, Michelle"]
[Result "1-0"]
[WhiteElo "1595"]
[BlackElo "1267"]
[PlyCount "79"]
[EventDate "2020.??.??"]

1. e3 d5 2. d4 Nf6 3. Nf3 Bf5 4. c4 e6 5. Nc3 c5 6. cxd5 exd5 7. Qb3 b6 8. Bb5+
Nbd7 9. Nxd5 Be6 10. Nxf6+ Qxf6 11. d5 Bg4 12. e4 Bd6 13. Bxd7+ Bxd7 14. O-O
O-O 15. Bg5 Qg6 16. e5 Bc7 17. Bf4 Rad8 18. e6 Bxf4 19. e7 Qd6 20. exf8=R+ Rxf8
21. Rfe1 Bg4 22. h3 Bh5 23. Re2 Bh2+ 24. Kh1 c4 25. Qc3 Bf4 26. g4 Bg6 27. Qxc4
f5 28. Re6 Qb8 29. Rxg6 hxg6 30. d6+ Kh8 31. Qxf4 fxg4 32. Qxg4 Qxd6 33. Qh4+
Kg8 34. Qc4+ Kh8 35. Ng5 Qf4 36. Qxf4 Rxf4 37. Kg2 Kg8 38. Rc1 Kf8 39. Ne6+ Kf7
40. Nxf4 1-0

[Event "Northwest Chess Open"]
[Site "Chess.com"]
[Date "2020.05.09"]
[Round "?"]
[White "Kona, Vidip"]
[Black "Razmov, Valentin"]
[Result "0-1"]
[WhiteElo "1261"]
[BlackElo "1986"]
[PlyCount "90"]
[EventDate "2020.??.??"]

1. e4 d5 2. exd5 Qxd5 3. Nc3 Qa5 4. Nf3 Nf6 5. Be2 Bf5 6. O-O e6 7. d3 c6 8.
Bd2 Qc7 9. Re1 Bd6 10. h3 Nbd7 11. Nd4 Bg6 12. Bg4 Nxg4 13. Qxg4 O-O 14. h4
Rfe8 15. h5 Nf6 16. Qe2 Bxh5 17. Nf3 Ng4 18. Qf1 Rad8 19. Ne4 Ne5 20. Nxe5 Bxe5
21. c3 Qe7 22. d4 Bb8 23. Ng5 Qd6 24. g3 h6 25. Ne4 Qd5 26. Qg2 f5 27. Nc5 Bf3
28. Qh2 b6 29. Nb3 e5 30. dxe5 Bxe5 31. Be3 c5 32. Nd2 Bg4 33. Qg2 Qd3 34. Rac1
Rd6 35. Nf1 Rde6 36. Bd2 Bd6 37. Rxe6 Rxe6 38. Be3 Qe2 39. Nd2 Kh7 40. Qf1
Qxf1+ 41. Kxf1 Bxg3 42. Bxc5 Bf4 43. Be3 Bxe3 44. fxe3 Rxe3 45. Kf2 Re2+ 0-1

[Event "Northwest Chess Open"]
[Site "Chess.com"]
[Date "2020.05.09"]
[Round "?"]
[White "Kona, Vidip"]
[Black "Zhao, Maxwell"]
[Result "0-1"]
[WhiteElo "1261"]
[BlackElo "1628"]
[PlyCount "80"]
[EventDate "2020.??.??"]

1. e4 e5 2. Nf3 Nc6 3. Bb5 a6 4. Ba4 Nf6 5. O-O Be7 6. d3 b5 7. Bb3 d5 8. exd5
Nxd5 9. Re1 O-O 10. Nxe5 Nxe5 11. Rxe5 c6 12. Re1 Bd6 13. Nd2 Bc7 14. Bxd5 cxd5
15. Nf3 Bg4 16. h3 Bh5 17. Qe2 Qd7 18. Ne5 Bxe5 19. Qxh5 Bc7 20. Bg5 f6 21. Be3
Qd6 22. Qg4 f5 23. Qd4 f4 24. Bd2 f3 25. g3 Bb6 26. Qh4 Qc5 27. d4 Qxc2 28. Bc3
Qg6 29. Re5 Rf5 30. Rae1 Rxe5 31. dxe5 Re8 32. Qf4 Rf8 33. Qh4 Re8 34. Qf4 Rf8
35. Qh4 Qc2 36. g4 a5 37. g5 b4 38. e6 bxc3 39. e7 Re8 40. b3 Qd2 0-1

[Event "Northwest Chess Open"]
[Site "Chess.com"]
[Date "2020.05.10"]
[Round "?"]
[White "Kona, Vidip"]
[Black "Stein, Daniel"]
[Result "1/2-1/2"]
[WhiteElo "1261"]
[BlackElo "1555"]
[PlyCount "131"]
[EventDate "2020.??.??"]

1. e4 e5 2. Nf3 Nc6 3. Bb5 Nf6 4. O-O Bc5 5. d3 d6 6. Be3 Bxe3 7. fxe3 O-O 8.
Nbd2 Ne7 9. d4 Ng6 10. c3 Be6 11. Qc2 c6 12. Bd3 Qc7 13. Rae1 Rfe8 14. b3 Bg4
15. h3 Bxf3 16. Nxf3 d5 17. dxe5 Nxe5 18. Nxe5 Qxe5 19. exd5 cxd5 20. Rf5 Qg3
21. Qf2 Qd6 22. Rf1 Re7 23. Rg5 h6 24. Rf5 Rae8 25. Re1 Re6 26. Kh1 Qc5 27. Qd2
Rxe3 28. Rxe3 Qxe3 29. Qxe3 Rxe3 30. Rf3 Re6 31. Kh2 Kf8 32. Kg3 Ne4+ 33. Bxe4
dxe4 34. Re3 f5 35. h4 g5 36. hxg5 hxg5 37. Re2 Kg7 38. Kf2 Kf6 39. c4 f4 40.
c5 Kf5 41. Rc2 a5 42. a3 Rc6 43. b4 axb4 44. axb4 b6 45. b5 Rc8 46. c6 Ke5 47.
c7 Kd6 48. Rc6+ Kd7 49. Rxb6 Kxc7 50. Rg6 Kb7 51. Rxg5 Rc2+ 52. Ke1 Rc4 53. Rg4
e3 54. g3 Kb6 55. Rxf4 Rxf4 56. gxf4 Kxb5 57. Ke2 Kc5 58. Kxe3 Kd5 59. Kd3 Ke6
60. Ke4 Kf6 61. f5 Ke7 62. Ke5 Kf7 63. f6 Kf8 64. Ke6 Ke8 65. f7+ Kf8 66. Kf6
1/2-1/2

[Event "Northwest Chess Open"]
[Site "Chess.com"]
[Date "2020.05.09"]
[Round "?"]
[White "Vega, Isaac"]
[Black "Gurumurthy, Srikrishna"]
[Result "1-0"]
[WhiteElo "1972"]
[BlackElo "1232"]
[PlyCount "53"]
[EventDate "2020.??.??"]

1. e4 e5 2. Nf3 Nc6 3. Bb5 Nf6 4. Nc3 d6 5. d4 Bd7 6. O-O exd4 7. Nxd4 Nxd4 8.
Bxd7+ Qxd7 9. Qxd4 Be7 10. b3 O-O 11. Bb2 Rfe8 12. Ne2 Bf8 13. Ng3 Qe6 14. f3
Qe5 15. c3 Nd7 16. Qd2 Qc5+ 17. Kh1 g6 18. c4 Bg7 19. Bxg7 Kxg7 20. f4 h5 21.
f5 h4 22. fxg6 fxg6 23. Nf5+ gxf5 24. Qg5+ Kf7 25. Rxf5+ Qxf5 26. Qxf5+ Nf6 27.
Rf1 1-0

[Event "Northwest Chess Open"]
[Site "Chess.com"]
[Date "2020.05.09"]
[Round "?"]
[White "Gurumurthy, Srikrishna"]
[Black "Stein, Daniel"]
[Result "0-1"]
[WhiteElo "1232"]
[BlackElo "1555"]
[PlyCount "40"]
[EventDate "2020.??.??"]

1. d4 Nf6 2. c4 e5 3. dxe5 Ng4 4. Nf3 Bc5 5. e3 Nc6 6. Nc3 O-O 7. h3 Ngxe5 8.
Nxe5 Nxe5 9. Qd5 d6 10. Qe4 c6 11. a3 a5 12. Be2 f5 13. Qc2 Be6 14. b3 Qe7 15.
O-O Rad8 16. Bb2 Qg5 17. Na4 f4 18. exf4 Rxf4 19. Bc1 Bxh3 20. g3 Qxg3+ 0-1

[Event "Northwest Chess Open"]
[Site "Chess.com"]
[Date "2020.05.10"]
[Round "?"]
[White "Singh, Saket"]
[Black "Gurumurthy, Srikrishna"]
[Result "0-1"]
[WhiteElo "1484"]
[BlackElo "1232"]
[PlyCount "80"]
[EventDate "2020.??.??"]

1. e4 e5 2. Nf3 Nc6 3. Nc3 Nf6 4. d4 exd4 5. Nxd4 Bc5 6. Be3 Nxd4 7. Bxd4 Bxd4
8. Qxd4 d6 9. Bc4 Qe7 10. O-O O-O 11. Rfe1 Be6 12. h3 Bxc4 13. Qxc4 Qd7 14.
Rad1 Qc6 15. Qxc6 bxc6 16. e5 dxe5 17. Rxe5 Rfe8 18. Ree1 Rxe1+ 19. Rxe1 Re8
20. Rxe8+ Nxe8 21. Kf1 Kf8 22. Ke2 Ke7 23. Kd3 f5 24. Ne2 Nd6 25. c3 c5 26. Ke3
g5 27. g3 Nc4+ 28. Kd3 Nxb2+ 29. Kc2 Nc4 30. Kd3 Nb6 31. Nc1 Ke6 32. Ke3 Kd5
33. Kd3 c4+ 34. Ke3 Na4 35. Ne2 c5 36. f4 h6 37. fxg5 hxg5 38. h4 gxh4 39. gxh4
Ke5 40. Kf3 Nb6 0-1

[Event "Northwest Chess Open"]
[Site "Chess.com"]
[Date "2020.05.10"]
[Round "?"]
[White "Zhao, Maxwell"]
[Black "Gurumurthy, Srikrishna"]
[Result "1-0"]
[WhiteElo "1628"]
[BlackElo "1232"]
[PlyCount "63"]
[EventDate "2020.??.??"]

1. e4 e5 2. Nf3 Nc6 3. Bb5 Nf6 4. O-O d6 5. Re1 Bg4 6. h3 Bh5 7. c3 a6 8. Ba4
b5 9. Bb3 Be7 10. d3 h6 11. Nbd2 O-O 12. Nf1 Bg6 13. Be3 Nh7 14. Ng3 Ng5 15.
Nxg5 Bxg5 16. Bxg5 Qxg5 17. Bd5 Ne7 18. Bxa8 Rxa8 19. Qc1 Qf6 20. a4 c6 21. Qe3
Nc8 22. d4 Qe6 23. dxe5 dxe5 24. axb5 cxb5 25. Red1 Qe7 26. Rd5 f6 27. Rad1 Kh7
28. Rd7 Qe6 29. Qc5 Be8 30. Rd8 Nb6 31. R8d6 Nd7 32. Qc6 1-0

[Event "Northwest Chess Open"]
[Site "Chess.com"]
[Date "2020.05.09"]
[Round "?"]
[White "Shanmugam, Meera"]
[Black "Moore, Michael"]
[Result "0-1"]
[WhiteElo "1224"]
[BlackElo "1950"]
[PlyCount "100"]
[EventDate "2020.??.??"]

1. e4 c5 2. Nf3 d6 3. d4 cxd4 4. Nxd4 Nf6 5. Nc3 a6 6. Be3 e5 7. Nb3 Be6 8. f3
h5 9. Qd2 Nbd7 10. O-O-O Rc8 11. Kb1 Qc7 12. Be2 b5 13. Rhg1 Nb6 14. Bxb6 Qxb6
15. h3 g6 16. g4 b4 17. Nd5 Bxd5 18. exd5 hxg4 19. hxg4 Rh2 20. Qd3 Nxd5 21.
Qxa6 Qxa6 22. Bxa6 Rcxc2 23. Nd2 Rcxd2 24. Rxd2 Rxd2 25. Rf1 Bh6 26. Bb5+ Ke7
27. Rh1 Ne3 28. Ba4 Bg7 29. g5 e4 30. b3 Rb2+ 31. Kc1 exf3 32. Rh3 Rc2+ 33. Kb1
Rd2 34. Rh1 f2 35. Bb5 f1=Q+ 36. Rxf1 Nxf1 37. Bxf1 Rd1+ 38. Kc2 Rxf1 39. Kd2
Rf2+ 40. Ke3 Rxa2 41. Kd3 f5 42. gxf6+ Bxf6 43. Ke3 Rc2 44. Kf4 Rc3 45. Ke4
Rxb3 46. Kd5 Rc3 47. Ke4 b3 48. Kf4 b2 49. Ke4 b1=Q+ 50. Kd5 Qb7# 0-1

[Event "Northwest Chess Open"]
[Site "Chess.com"]
[Date "2020.05.09"]
[Round "?"]
[White "Shanmugam, Meera"]
[Black "Singh, Saket"]
[Result "1-0"]
[WhiteElo "1224"]
[BlackElo "1484"]
[PlyCount "71"]
[EventDate "2020.??.??"]

1. e4 e5 2. Nf3 Nc6 3. Bb5 a6 4. Ba4 Nf6 5. O-O b5 6. Bb3 d6 7. Re1 Bg4 8. h3
Bh5 9. c3 Be7 10. d3 O-O 11. Nbd2 Re8 12. Nf1 h6 13. d4 Nd7 14. Be3 Bf8 15. Ng3
Bg6 16. Bd5 Ndb8 17. Rc1 Ra7 18. dxe5 Ra8 19. exd6 Bxd6 20. Bd4 Qe7 21. e5 Bc5
22. b4 Bxd4 23. Nxd4 Qd7 24. Nxc6 Nxc6 25. Qf3 Rxe5 26. Bxc6 Qd2 27. Red1 Qb2
28. Bxa8 Qxa2 29. Re1 Rxe1+ 30. Rxe1 Qd2 31. Re8+ Kh7 32. Be4 Bxe4 33. Qxe4+ g6
34. Qe5 g5 35. Qh8+ Kg6 36. Rg8# 1-0

[Event "Northwest Chess Open"]
[Site "Chess.com"]
[Date "2020.05.10"]
[Round "?"]
[White "Shanmugam, Meera"]
[Black "Tien, Sophie"]
[Result "0-1"]
[WhiteElo "1224"]
[BlackElo "1916"]
[PlyCount "102"]
[EventDate "2020.??.??"]

1. e4 e5 2. Nf3 Nc6 3. Bb5 a6 4. Ba4 d6 5. h3 Bd7 6. O-O g6 7. c3 Bg7 8. d3
Nge7 9. Re1 O-O 10. Nbd2 h6 11. Nf1 Kh7 12. Ng3 Qe8 13. Be3 f5 14. exf5 gxf5
15. Bd2 f4 16. Ne4 Nf5 17. Qc2 Bh8 18. d4 Qg6 19. d5 Nb8 20. Bxd7 Nxd7 21. c4
Nf6 22. Nxf6+ Bxf6 23. Kh1 Ng3+ 24. fxg3 Qxc2 25. gxf4 e4 26. Rac1 Qxb2 27.
Rxe4 Rae8 28. Ree1 Rxe1+ 29. Rxe1 Bc3 30. Bc1 Qc2 31. Rg1 Bb2 32. Bxb2 Qxb2 33.
g3 Qxa2 34. Rc1 Qe2 35. Ng1 Qd2 36. Rf1 a5 37. Nf3 Qe2 38. Kg1 Qxc4 39. Rd1 a4
40. Nd2 Qc2 41. Rf1 Qxd2 42. Rf2 Qe3 43. Kg2 a3 44. Ra2 Qb3 45. Ra1 a2 46. Kf2
Qb2+ 47. Kf3 Qxa1 48. Kg4 Qg7+ 49. Kf3 a1=Q 50. Kf2 Re8 51. Kf3 Qf1# 0-1

[Event "Northwest Chess Open"]
[Site "Chess.com"]
[Date "2020.05.10"]
[Round "?"]
[White "Chen, Angela"]
[Black "Shanmugam, Meera"]
[Result "1-0"]
[WhiteElo "1404"]
[BlackElo "1224"]
[PlyCount "85"]
[EventDate "2020.??.??"]

1. e4 e5 2. Nf3 Nf6 3. Nc3 Nc6 4. Bb5 Bb4 5. d3 O-O 6. Bg5 Bxc3+ 7. bxc3 d6 8.
h3 Bd7 9. O-O a6 10. Ba4 b5 11. Bb3 Re8 12. Re1 h6 13. Bh4 Rb8 14. d4 Na5 15.
Re3 Bc6 16. Qe2 Qe7 17. Nd2 Nxb3 18. axb3 Ra8 19. Rg3 Qe6 20. d5 Bxd5 21. Bxf6
Qxf6 22. exd5 e4 23. Nxe4 Qf5 24. Re3 Kh8 25. Ra2 Re7 26. Ng3 Rxe3 27. Qxe3
Qxd5 28. Qe7 Ra7 29. Qf8+ Kh7 30. Qb8 Rb7 31. Qa8 Qd1+ 32. Kh2 Rb6 33. Qc8 Rc6
34. Rxa6 Rxa6 35. Qxa6 Qxc2 36. Qxb5 Qxc3 37. Qf5+ Kg8 38. Qb5 Qc2 39. Qe8+ Kh7
40. Qxf7 c5 41. Nf5 Qc3 42. Qe7 Qxb3 43. Qxg7# 1-0

[Event "Northwest Chess Open"]
[Site "Chess.com"]
[Date "2020.05.09"]
[Round "?"]
[White "Tien, Sophie"]
[Black "Hack, Don"]
[Result "1-0"]
[WhiteElo "1916"]
[BlackElo "1204"]
[PlyCount "39"]
[EventDate "2020.??.??"]

1. e4 c6 2. d4 d5 3. Nc3 dxe4 4. Nxe4 Bf5 5. Ng3 Bg6 6. h4 h6 7. f4 Nd7 8. Nf3
e6 9. h5 Bh7 10. Bd3 Bxd3 11. Qxd3 Ngf6 12. Bd2 Be7 13. O-O-O O-O 14. f5 exf5
15. Nxf5 Re8 16. Bxh6 gxh6 17. Nxh6+ Kg7 18. Nxf7 Kxf7 19. Ng5+ Kf8 20. Qg6 1-0

[Event "Northwest Chess Open"]
[Site "Chess.com"]
[Date "2020.05.09"]
[Round "?"]
[White "Gilton, Terry"]
[Black "Hack, Don"]
[Result "0-1"]
[WhiteElo "1554"]
[BlackElo "1204"]
[PlyCount "44"]
[EventDate "2020.??.??"]

1. d4 d5 2. Nf3 c6 3. e3 Nf6 4. Nbd2 Bf5 5. c4 e6 6. Qb3 Qc7 7. Bd3 Bxd3 8.
Qxd3 Nbd7 9. c5 Be7 10. O-O O-O 11. b4 b6 12. e4 dxe4 13. Nxe4 bxc5 14. dxc5
Rfd8 15. Qc3 Nxe4 16. Qc4 Nef6 17. Bb2 Rab8 18. a3 Nf8 19. Be5 Qc8 20. Bxb8
Qxb8 21. Rfd1 Nd5 22. Ne5 Qxe5 0-1

[Event "Northwest Chess Open"]
[Site "Chess.com"]
[Date "2020.05.10"]
[Round "?"]
[White "Hack, Don"]
[Black "Bloom, Corey"]
[Result "0-1"]
[WhiteElo "1204"]
[BlackElo "1780"]
[PlyCount "70"]
[EventDate "2020.??.??"]

1. d4 e6 2. c4 Nf6 3. g3 c5 4. Nf3 cxd4 5. Bg2 Qb6 6. Nxd4 Bb4+ 7. Nc3 Nc6 8.
Nxc6 Bxc3+ 9. bxc3 bxc6 10. O-O Ba6 11. Be3 Qa5 12. Qd6 Rc8 13. Bc5 Qd8 14.
Rab1 Bxc4 15. Rb2 Nd5 16. Bxd5 cxd5 17. Rfb1 f6 18. Rb8 Kf7 19. Rxc8 Qxc8 20.
Bxa7 Bxe2 21. Rb8 Qxc3 22. Rb1 Qc6 23. Qxc6 dxc6 24. Rb7+ Kg6 25. a4 Rc8 26. a5
c5 27. Rb6 e5 28. a6 Ra8 29. Bb8 Rxa6 30. Rb2 Ra1+ 31. Kg2 Bf1+ 32. Kf3 d4 33.
Rb6 Ra3+ 34. Ke4 Bg2+ 35. f3 Bxf3# 0-1

[Event "Northwest Chess Open"]
[Site "Chess.com"]
[Date "2020.05.10"]
[Round "?"]
[White "McNall, Kent"]
[Black "Dodd, Edwin"]
[Result "1-0"]
[WhiteElo "1867"]
[BlackElo "1197"]
[PlyCount "74"]
[EventDate "2020.??.??"]

1. d4 Nf6 2. g3 d5 3. Bg2 g6 4. Nf3 Bg7 5. O-O O-O 6. Nbd2 Nc6 7. c3 Qd6 8. Re1
e5 9. dxe5 Nxe5 10. Nxe5 Qxe5 11. Nf3 Qe8 12. Bf4 Qe7 13. Qd2 c6 14. Bg5 Bg4
15. h3 Bxf3 16. Bxf3 Qd6 17. Rad1 Rad8 18. e4 Qc5 19. e5 Nd7 20. Bxd8 Nxe5 21.
Rxe5 Bxe5 22. Bg5 f6 23. Be3 Qa5 24. b4 Qa4 25. h4 Qa3 26. Rc1 a5 27. h5 axb4
28. hxg6 bxc3 29. gxh7+ Kh8 30. Qc2 Qb2 31. Qg6 f5 32. Bh6 c2 33. Bxf8 Bg7 34.
Rxc2 Qa1+ 35. Kg2 Qf6 36. Bxg7+ Qxg7 37. Qxf5 Qxh7 1-0

[Event "Northwest Chess Open"]
[Site "Chess.com"]
[Date "2020.05.10"]
[Round "?"]
[White "Dodd, Edwin"]
[Black "Gilton, Terry"]
[Result "1-0"]
[WhiteElo "1197"]
[BlackElo "1554"]
[PlyCount "97"]
[EventDate "2020.??.??"]

1. e4 c6 2. d4 d5 3. e5 Bf5 4. Nf3 e6 5. Bd3 Bxd3 6. Qxd3 Nd7 7. Ng5 h6 8. Nh3
Qc7 9. f4 Ne7 10. Nc3 c5 11. Nb5 Qb6 12. Nd6+ Kd8 13. Nxf7+ Ke8 14. Nxh8 cxd4
15. Qg3 Kd8 16. Nf7+ Kc7 17. Nd6 Nc5 18. b3 Ne4 19. Nxe4 dxe4 20. Nf2 Qb4+ 21.
Bd2 Qc5 22. a3 e3 23. Bb4 exf2+ 24. Qxf2 Qc6 25. Bxe7 Bxe7 26. Qxd4 Bh4+ 27.
Kf1 Rd8 28. Qc4 Qxc4+ 29. bxc4 Rd2 30. g3 Be7 31. Ke1 Rxc2 32. h4 Bc5 33. Rf1
Bd4 34. Rb1 Bc3+ 35. Kd1 Ra2 36. Rb3 Ra1+ 37. Ke2 Ra2+ 38. Kf3 Bd4 39. Rd3 Bc5
40. Rb3 Rxa3 41. Rxa3 Bxa3 42. Rf2 Bc5 43. Rc2 a5 44. Ra2 Kb6 45. Ke2 Bb4 46.
Kd3 Kc5 47. g4 b5 48. cxb5 Kxb5 49. g5 1-0

[Event "Northwest Chess Open"]
[Site "Chess.com"]
[Date "2020.05.10"]
[Round "?"]
[White "Singh, Saket"]
[Black "Dodd, Edwin"]
[Result "1-0"]
[WhiteElo "1484"]
[BlackElo "1197"]
[PlyCount "49"]
[EventDate "2020.??.??"]

1. e4 c5 2. c3 d6 3. d4 cxd4 4. cxd4 Nc6 5. Nc3 e6 6. Nf3 Nf6 7. Bb5 Bd7 8. O-O
Be7 9. e5 dxe5 10. dxe5 Ng4 11. Re1 a6 12. Ba4 b5 13. Bc2 Bc5 14. Ne4 Be7 15.
Bf4 f5 16. Nd6+ Bxd6 17. Qxd6 Ne7 18. h3 Nh6 19. Bxh6 gxh6 20. Rad1 Ra7 21. Bb3
O-O 22. Bxe6+ Kh8 23. Bxd7 Rxd7 24. Qxd7 Qxd7 25. Rxd7 1-0

[Event "Northwest Chess Open"]
[Site "Chess.com"]
[Date "2020.05.09"]
[Round "?"]
[White "Devadithya, Hiruna"]
[Black "McNall, Kent"]
[Result "1-0"]
[WhiteElo "1184"]
[BlackElo "1867"]
[PlyCount "105"]
[EventDate "2020.??.??"]

1. e4 g6 2. d4 Bg7 3. Nf3 d6 4. Nc3 Nd7 5. Bc4 Nb6 6. Bb3 e6 7. O-O Ne7 8. Re1
O-O 9. Bg5 h6 10. Bh4 Kh8 11. Re3 f6 12. h3 g5 13. Bg3 f5 14. exf5 Nxf5 15. Re2
Nxg3 16. fxg3 Nd5 17. Nxd5 exd5 18. Kh2 c6 19. c3 Qf6 20. Re3 Bf5 21. Bc2 Rae8
22. Rxe8 Rxe8 23. Bxf5 Qxf5 24. Qd2 Re4 25. Re1 Qe6 26. b3 c5 27. dxc5 dxc5 28.
Rd1 b6 29. Qxd5 Qxd5 30. Rxd5 Bxc3 31. Rd8+ Kg7 32. Rd7+ Kg6 33. Rxa7 Re2 34.
Ra6 Ba5 35. a3 Rb2 36. Ne5+ Kf5 37. Nc4 Rxb3 38. Nxa5 bxa5 39. Rxa5 Rc3 40. Kg1
Ke4 41. Kf2 Rc2+ 42. Kg1 c4 43. g4 c3 44. Rc5 Kd4 45. Rc6 Ra2 46. Kf1 Kd5 47.
Rxc3 Kd4 48. Rf3 Ke4 49. Kg1 Ra1+ 50. Kh2 Ra2 51. Rf6 Rxa3 52. Rxh6 Kf4 53.
Rf6+ 1-0

[Event "Northwest Chess Open"]
[Site "Chess.com"]
[Date "2020.05.09"]
[Round "?"]
[White "Bell, Harry"]
[Black "Devadithya, Hiruna"]
[Result "1-0"]
[WhiteElo "2000"]
[BlackElo "1184"]
[PlyCount "53"]
[EventDate "2020.??.??"]

1. Nf3 d5 2. d4 Nf6 3. Bf4 Nc6 4. e3 Bg4 5. Nbd2 e6 6. c4 dxc4 7. Bxc4 Bd6 8.
Bg5 O-O 9. O-O Kh8 10. a3 Qd7 11. b4 a6 12. Qb3 b5 13. Be2 Bf5 14. Nh4 Ne7 15.
Bf3 Rac8 16. e4 Bxe4 17. Nxe4 Nxe4 18. Bxe4 f5 19. Bc2 h6 20. Bxe7 Bxe7 21.
Ng6+ Kg8 22. Nxf8 Rxf8 23. Rfe1 Rf6 24. Re5 Qxd4 25. Rxe6 Qxa1+ 26. Re1+ Rf7
27. Rxa1 1-0

[Event "Northwest Chess Open"]
[Site "Chess.com"]
[Date "2020.05.09"]
[Round "?"]
[White "Devadithya, Hiruna"]
[Black "Li, Emma"]
[Result "1-0"]
[WhiteElo "1184"]
[BlackElo "1342"]
[PlyCount "113"]
[EventDate "2020.??.??"]

1. e4 e5 2. Nf3 Nc6 3. Bb5 Nf6 4. O-O Bc5 5. c3 O-O 6. d4 exd4 7. cxd4 Bb6 8.
Nc3 a6 9. Ba4 h6 10. e5 Nh7 11. Re1 d6 12. h3 dxe5 13. dxe5 Bf5 14. Bf4 Re8 15.
Bc2 Qxd1 16. Bxd1 Re6 17. Bb3 Re7 18. Rad1 Rd8 19. Rxd8+ Nxd8 20. Nd5 Rd7 21.
Nxb6 cxb6 22. Be3 b5 23. Nd4 Be6 24. Nxe6 Nxe6 25. f4 g5 26. f5 Ng7 27. g4 Rc7
28. Bd2 Nf8 29. Bb4 Rd7 30. e6 fxe6 31. fxe6 Nfxe6 32. Bxe6+ Nxe6 33. Rxe6 Kh7
34. Re7+ Rxe7 35. Bxe7 Kg6 36. Kf2 Kf7 37. Bc5 Kg6 38. Kg3 Kf6 39. Bf8 Kg6 40.
h4 h5 41. hxg5 Kxg5 42. gxh5 Kxh5 43. Kf4 Kg6 44. Ke5 Kf7 45. Bc5 Ke8 46. Kd6
Kd8 47. Ba7 Kc8 48. b4 Kd8 49. Kc5 Kc7 50. a3 Kd7 51. Bb8 Kc8 52. Bf4 Kd7 53.
Kb6 Kc8 54. Bg3 Kd8 55. Kxb7 Kd7 56. Kxa6 Kc6 57. Bh2 1-0

[Event "Northwest Chess Open"]
[Site "Chess.com"]
[Date "2020.05.10"]
[Round "?"]
[White "Devadithya, Hiruna"]
[Black "Vemparala, Nikash"]
[Result "0-1"]
[WhiteElo "1184"]
[BlackElo "1684"]
[PlyCount "96"]
[EventDate "2020.??.??"]

1. e4 e5 2. Nf3 Nc6 3. Bb5 Nf6 4. O-O Nxe4 5. Re1 Nd6 6. Bxc6 dxc6 7. Nxe5 Be7
8. Nc3 O-O 9. h3 Bf6 10. d4 Bf5 11. Bf4 Re8 12. Qd2 Bxe5 13. dxe5 Nc4 14. Qc1
Qd4 15. Ne2 Qc5 16. Ng3 Bg6 17. e6 fxe6 18. Bxc7 e5 19. b3 Na3 20. c3 Nc2 21.
c4 Nxe1 22. Qxe1 Rac8 23. Ba5 e4 24. Bb4 Qg5 25. Bd2 Qe7 26. Be3 b6 27. Rd1
Rcd8 28. Qe2 Rxd1+ 29. Qxd1 Rd8 30. Qc2 Rd3 31. Ne2 Qd6 32. Nf4 Rd1+ 33. Kh2
Bf5 34. g3 g5 35. Ng2 Qd3 36. Qb2 Qf1 37. g4 Qh1+ 38. Kg3 h5 39. Bxg5 Rg1 40.
f3 exf3 41. Kxf3 Qxh3+ 42. Kf4 Qxg4+ 43. Ke5 Rxg2 44. Qxg2 Qxg2 45. Kxf5 Qxa2
46. Kg6 Qxb3 47. Kxh5 Qxc4 48. Kg6 Qg4 0-1

[Event "Northwest Chess Open"]
[Site "Chess.com"]
[Date "2020.05.10"]
[Round "?"]
[White "Kona, Vidip"]
[Black "Devadithya, Hiruna"]
[Result "1-0"]
[WhiteElo "1261"]
[BlackElo "1184"]
[PlyCount "77"]
[EventDate "2020.??.??"]

1. e4 c5 2. Nf3 d6 3. d4 cxd4 4. Nxd4 Nf6 5. Nc3 a6 6. g3 e6 7. Bg2 Nbd7 8. O-O
Be7 9. h3 O-O 10. Be3 Qc7 11. f4 Rb8 12. a4 b6 13. g4 Nc5 14. e5 Ne8 15. Nc6
Rb7 16. Nxe7+ Qxe7 17. Bxc5 bxc5 18. Bxb7 Bxb7 19. Qe2 Qc7 20. exd6 Nxd6 21.
Rad1 Qc6 22. Kh2 Nc4 23. Rd3 Nxb2 24. Rg3 Nxa4 25. Nxa4 Qxa4 26. h4 Rd8 27. Rd3
Qa5 28. Rxd8+ Qxd8 29. Qd3 Qd5 30. Qxd5 Bxd5 31. Ra1 Bb7 32. Rb1 Kf8 33. Rxb7
Ke8 34. Ra7 Kd8 35. Rxf7 a5 36. Rxg7 a4 37. Rxh7 a3 38. Ra7 a2 39. Rxa2 1-0

[Event "Northwest Chess Open"]
[Site "Chess.com"]
[Date "2020.05.09"]
[Round "?"]
[White "Hayami, Marvin"]
[Black "Wong-Godfrey, Emerson"]
[Result "1-0"]
[WhiteElo "1806"]
[BlackElo "1114"]
[PlyCount "53"]
[EventDate "2020.??.??"]

1. e4 e6 2. Nf3 Nc6 3. d4 d5 4. Nc3 Bb4 5. exd5 exd5 6. Bb5 Bd7 7. O-O Nge7 8.
Bg5 O-O 9. Nxd5 Bg4 10. Bxc6 f6 11. Nxb4 fxg5 12. Be4 Rf4 13. Qd3 Kh8 14. Nxg5
Qd6 15. Bxh7 Raf8 16. c3 Qh6 17. Nh3 Bxh3 18. Qxh3 Rh4 19. Qg3 Qxh7 20. Nd3 Nf5
21. Qxc7 Nh6 22. Ne5 Kg8 23. Rae1 Nf5 24. h3 Rxh3 25. Qc4+ Kh8 26. Nf7+ Kg8 27.
Ng5+ 1-0

[Event "Northwest Chess Open"]
[Site "Chess.com"]
[Date "2020.05.09"]
[Round "?"]
[White "McNall, Kent"]
[Black "Wong-Godfrey, Emerson"]
[Result "1-0"]
[WhiteElo "1867"]
[BlackElo "1114"]
[PlyCount "47"]
[EventDate "2020.??.??"]

1. d4 Nf6 2. c4 g6 3. Nc3 Bg7 4. e4 d6 5. Bd2 c5 6. d5 O-O 7. Qc1 e6 8. Bh6
exd5 9. Bxg7 Kxg7 10. cxd5 Qa5 11. f3 Re8 12. Qd2 a6 13. h4 b5 14. h5 b4 15.
Nd1 Bd7 16. g4 Bxg4 17. hxg6 fxg6 18. Qh6+ Kf7 19. fxg4 Rxe4+ 20. Be2 Nxg4 21.
Qxh7+ Kf6 22. Qh8+ Kg5 23. Nh3+ Kf5 24. Rf1+ 1-0